| 000 | 01113nam a2200325 i 4500 | ||
|---|---|---|---|
| 001 | 000012692 | ||
| 003 | DO-SdBNP | ||
| 005 | 20240530073915.0 | ||
| 006 | a||||er|||| 00| 0 | ||
| 007 | ta | ||
| 008 | 091116s1998 dr a 000 f spa d | ||
| 020 | _a9768175133 | ||
| 040 |
_aDO-SdBNP _bspa _cBNPHU _erda |
||
| 082 | 4 |
_aRD863.44 _bR175d _222 |
|
| 100 | 1 |
_aRamos, Emelda, _d1948- _91915 _eautor |
|
| 245 | 1 | 0 |
_aDe oro, botijas y amor / _cEmelda Ramos ; prólogo Marcio Veloz Maggiolo. |
| 264 | 1 |
_aSanto Domingo : _bCocolo Editorial, _c1998. |
|
| 300 |
_a188 páginas : _bIlustraciones ; _c21 cm. |
||
| 336 |
_2rdacontent _atexto _btx |
||
| 337 |
_2rdamedia _asin mediación _bn |
||
| 338 |
_2rdacarrier _avolumen _bnc |
||
| 500 | _aIncluye datos biográficos del autor en las solapas de las cubiertas. | ||
| 500 | _aEjemplar autografiado por el autor | ||
| 590 | _aInventariado, 2023 / MF | ||
| 650 | 0 |
_aNovela dominicana _9223 |
|
| 650 | 0 |
_aLiteratura dominicana. _967 |
|
| 700 | 1 |
_aVeloz Maggiolo, Marcio, _d1936-2021 _eprólogo _91104 |
|
| 910 | _aValidado. Control de calidad MMOLINA | ||
| 942 |
_2ddc _cLBS1 |
||
| 999 |
_c12343 _d12343 |
||